000
00255nam a22001217a 4500
020
_a
81-7862-534-2001
082
_a
001
_b
CHA/E
245
_a
EXPERIMENT WITH AIR
260
_a
NEW DELHI
_b
STERLING PRESS
300
_a
40
650
_a
GK
_z
DELHI
942
_c
BK
999
_c
6398
_d
6398